000 01258nam a2200325 i 4500
001 000021572
003 DO-SdBNP
005 20260316093254.0
007 ta
008 100909s1994 dr 000 0 spa d
040 _aDO-SdBNP
_bspa
_cBNPHU
_erda
049 _aBNPD
082 4 _a025.31
_bC352c
_222
100 1 _aCastillo Vega, Marcia,
_917575
_eautor
_4aut.
245 1 0 _aCatálogo del archivo personal de la familia Henríquez Ureña /
_cMarcia Castillo Vega ; edición, Arístides Incháustegui, Blanca Delgado Malagón
250 _aPrimera edición
264 _aSanto Domingo :
_bEditora Secretaría de Estado de Educación, Bellas Artes y Cultos,
_c1994.
300 _a298 páginas ;
_c23 cm.
336 _atexto
_btxt
_2rdacontent
337 _asin mediación
_bn
_2rdamedia
338 _avolumen
_bnc
_2rdacarrier
500 _aIncluye índice onomástico
500 _aPublicaciones del sesquicentenario de la independencia nacional.
590 _aInventariado, 2024/BT
600 0 _aHenríquez Ureña, Familia
_930564
_xArchivos
_xCatálogos
700 1 _aIncháustegui, Arístides,
_eedición
_4ed.
_984051
700 1 _aDelgado Malagón, Blanca,
_eedición
_4ed.
_922928
910 _aValidado. Control de calidad/MAA
942 _2ddc
_cLBS1
999 _c21071
_d21071